00745nam a22001697a 4500008004100000020001800041050001900059245016500078260003400243300003400277505008600311650003500397650004700432700003300479700003200512700003100544160512s2010 sp d|||| |||| 00| 0 spa d a978849921116904aLB2328.62bB8410aBuenas prácticas docentes en la universidadb : modelo y experiencia en la Universidad de Barcelonac / Teresa Pages, Albert Cornet, Jordi Pardo coordinadores3 aEspañab : Octaedroc, 2010 a248 páginasb : gráficas  aArtes y humanidades Ciencias sociales y jurídicas Ciencias Ciencias de la salud 0aEDUCACIÓN SUPERIORzESPAÑA 0aUNIVERSIDADzBARCELONAxDISCURSOS, ENSAYOS aPagès, Teresaecoordinador1 aCornet, Albertecoordinador1 aPardo, Jordiecoordinador